Statistiques concernant Reliez le personnage joué par Leonardo Dicaprio à son film

Cliquez ici pour prendre le quiz!

Statistiques générales

  • Ce quiz a été pris 309 fois
  • Le résultat moyen est 7 sur 14

Statistiques - réponses

HintRéponse% Correct
Roméo MontaiguRoméo + Juliette
89%
Jay GatsbyGatsby le Magnifique
87%
Jack DawsonTitanic
74%
Frank Abagnale, Jr.Arrête-moi si tu peux
62%
Jordan BelfortLe Loup de Wall Street
59%
John Edgar HooverJ. Edgar
54%
Calvin J. CandieDjango Unchained
46%
Howard HughesAviator
40%
Rick DaltonOnce Upon a Time... in Hollywood
37%
Edward DanielsShutter Island
35%
Dominic CobbInception
34%
Hugh GlassThe Revenant
24%
William CostiganLes Infiltrés
21%
Frank WheelerLes Noces rebelles
10%

Distribution des résultats

Percentile par nombre de réponses

% des personnes avec chaque résultat

Votre développement - résultats

Vous n’avez pas pris ce quiz